Top 35 Countries in Men's Triple Jump - Statistics

General Stats
  • This quiz has been taken 19 times
  • The average score is 29 of 35
Answer Stats
NR Continent Answer % Correct
17.46 Oceania Australia
100%
17.29 North America Canada
100%
17.74 Europe Portugal
100%
18.21 North America United States
100%
18.04 Europe France
94%
17.66 Europe Germany
94%
17.25 Europe Hungary
94%
17.77 Europe Russia
94%
17.83 Europe Sweden
94%
18.29 Europe United Kingdom
94%
17.90 South America Brazil
89%
17.59 Asia China
89%
18.08 North America Cuba
89%
17.75 Europe Italy
89%
17.92 North America Jamaica
89%
17.37 Africa Morocco
89%
17.26 Africa Nigeria
89%
17.27 Europe Norway
89%
17.53 Europe Poland
89%
17.35 Africa South Africa
89%
17.29 Europe Czech Republic
83%
17.55 Europe Greece
83%
17.81 Europe Romania
78%
17.92 Europe Bulgaria
72%
17.37 Asia India
72%
17.29 Europe Lithuania
72%
17.37 Asia Turkey
72%
17.43 Africa Algeria
67%
17.59 North America Bahamas
67%
17.48 North America Dominica
67%
17.39 North America Haiti
67%
18.07 Africa Burkina Faso
61%
17.49 North America Grenada
61%
17.41 Asia Armenia
56%
17.34 Africa Zimbabwe
56%
No matching quizzes found
Score Distribution
Percent of People with Each Score
Percentile by Number Answered
Your Score History
You have not taken this quiz